UBT Library

Superbook. (Record no. 42793)

000 -LEADER
fixed length control field 00730cgm a22002413a 4500
001 - CONTROL NUMBER
control field 19457845
005 - DATE AND TIME OF LATEST TRANSACTION
control field 20180216070439.0
007 - PHYSICAL DESCRIPTION FIXED FIELD--GENERAL INFORMATION
fixed length control field vd cvaizk
008 - FIXED-LENGTH DATA ELEMENTS--GENERAL INFORMATION
fixed length control field 170120s2016 xxu028 maeng
010 ## - LIBRARY OF CONGRESS CONTROL NUMBER
LC control number 2017600345
017 ## - COPYRIGHT OR LEGAL DEPOSIT NUMBER
Copyright or legal deposit number PA0002010497
Assigning agency U.S. Copyright Office
040 ## - CATALOGING SOURCE
Original cataloging agency DLC
Transcribing agency DLC
Description conventions amim
Modifying agency DLC
041 1# - LANGUAGE CODE
Language code of text/sound track or separate title eng
-- spa
080 ## - UNIVERSAL DECIMAL CLASSIFICATION NUMBER
Universal Decimal Classification number 37
100 ## - Rafti
Rafti 48
101 ## - Shkurtesa
Shkurtesa edu
245 00 - TITLE STATEMENT
Title Superbook.
Name of part/section of a work Elisha and the Syrians /
Statement of responsibility, etc The Christian Broadcasting Network presents ; directed by Jerry Yu Ching ; screenplay by Mark Edward Edens.
246 30 - VARYING FORM OF TITLE
Title proper/short title Elisha and the Syrians
257 ## - COUNTRY OF PRODUCING ENTITY FOR ARCHIVAL FILMS
Country of producing entity United States.
906 ## - LOCAL DATA ELEMENT F, LDF (RLIN)
a 0
b cbc
c orignew
d u
e ncip
f 20
g y-movingim
942 ## - ADDED ENTRY ELEMENTS (KOHA)
Source of classification or shelving scheme
Item type Books
Holdings
Withdrawn status Lost status Source of classification or shelving scheme Damaged status Not for loan Collection code Permanent location Current location Shelving location Date acquired Total Checkouts Full call number Barcode Date last seen Price effective from Koha item type
          Koleksioni i përgjithshem UBT - Lipjan UBT - Lipjan Koleksioni i përgjithshem 02/16/2018   37 car 002-2998374 02/16/2018 02/16/2018 Books
UBT Library © 2015-2024. All rights reserved University Education for Business and Technology